Otázky práce Časopis pre otázky politiky zamestnanosti a trhu práce

Enregistré dans:
Détails bibliographiques
Format: Publication en série
Langue:slovaque
Publié: Bratislava Výskumný ústav sociálneho rozvoja a práce 1992
Sujets:
Tags: Ajouter un tag
Pas de tags, Soyez le premier à ajouter un tag!

MARC

LEADER 00000nas2a2200000 4500
001 s016395
005 20240109094112.0
041 0 |a slo 
044 |a SK 
245 1 0 |a Otázky práce  |b Časopis pre otázky politiky zamestnanosti a trhu práce 
264 1 |a Bratislava  |b Výskumný ústav sociálneho rozvoja a práce  |c 1992 
300 |a 1 zv. 
773 0 |w eu_un_cat*s120995 
610 2 0 |a práca 
610 2 0 |a právo 
610 2 0 |a stimulovanie 
610 2 0 |a sociológia práce 
610 2 0 |a psychológia práce